| 000 | 00749nam a22002297a 4500 | ||
|---|---|---|---|
| 003 | DO-SdBNP | ||
| 005 | 20240404094740.0 | ||
| 007 | ta | ||
| 008 | 210903b 2019 dr a 00| 0 eng d | ||
| 020 | _a9789945804706 | ||
| 040 |
_aDO-SdBNP _bspa _cBNPHU |
||
| 100 | 1 |
_aCruz Sánchez, Filiberto _913112 |
|
| 245 | 1 |
_aExploraciones y conquista de América / _cFiliberto Cruz Sánchez |
|
| 260 |
_aSanto Domingo : _bEl Nuevo Diario, _c2019. |
||
| 300 |
_a112 p. : _bil. ; _c21 cm. |
||
| 500 | _aIncluye datos biográficos del autor en la contracubierta | ||
| 500 | _aIncluye referencias bibliográficas y notas al pie de las páginas | ||
| 504 | _aBibliografía : p. 111-112 | ||
| 590 | _aInventariado, 2021/BT | ||
| 910 | _aBtavárez | ||
| 942 |
_2ddc _cLBS1 |
||
| 999 |
_c50406 _d50406 |
||